000 00611nam a22002177a 4500
003 UA-OsUOA
001 105561
007 ta
008 20140312b un ||||| |||| 00| 0 ukr d
100 _aЯкубовський С.
090 _a330
_bЯ49
942 _cSA
040 _aUA-OsUOA
_bukr
_cUA-OsUOA
_dUA-OsUOA
245 _aІнноваційна конкурентоспроможність: новітні виклики
300 _aС.86
955 _a0
041 _aukr
080 _a330
773 0 _w105559
_tЕкономіст
_dК.
_d2014
_g1
650 7 _a330 Економіка взагалі
_2UDC
999 _c391858
_d391858